000 00473cam a22002051 4500
001 sa 66006097
003 DLC
005 20260227112253.0
008 890615s1962 ii 000 0 hino
010 _asa 66006097
035 _a(OCoLC)19877040
040 _aDLC
_cWaU
_dDLC
042 _apremarc
050 0 0 _aPK2098.M3
_bM3
100 1 _aMahto, Mohanlal,
_d1902-
245 1 0 _aMahāmantrī.
260 _c[1962]
300 _a193 p.
_c19 cm.
500 _aIn Hindi.
999 _c70293
_d70293